Central Library OPAC University of Rajshahi

Military withdrawal from politics : (Record no. 41166)

MARC details
000 -LEADER
fixed length control field 00838nam a2200265 a 4500
001 - CONTROL NUMBER
control field 41166
003 - CONTROL NUMBER IDENTIFIER
rucl marc code BD-RjUL
005 - DATE AND TIME OF LATEST TRANSACTION
control field 20211209053336.0
008 - FIXED-LENGTH DATA ELEMENTS--GENERAL INFORMATION
fixed length control field 160516s1987 mau b 001 0 eng
020 ## - INTERNATIONAL STANDARD BOOK NUMBER
International Standard Book Number 0887301479
035 ## - SYSTEM CONTROL NUMBER
System control number (BD-RjUL) 41282
040 ## - CATALOGING SOURCE
Original cataloging agency DLC
Transcribing agency DLC
Modifying agency DLC
-- (BD-RjUL)
Language of cataloging eng
041 ## - LANGUAGE CODE
Language code of text/sound track or separate title eng
082 00 - DEWEY DECIMAL CLASSIFICATION NUMBER
Classification number 322.5
Edition number 23
Author mark and year MAM 1987
100 1# - MAIN ENTRY--PERSONAL NAME
Personal name Maniruzzaman, Talukder.
9 (RLIN) 126628
245 10 - TITLE STATEMENT
Title Military withdrawal from politics :
Remainder of title a comparative study /
Statement of responsibility, etc. Talukder Maniruzzaman.
260 ## - PUBLICATION, DISTRIBUTION, ETC. (IMPRINT)
Place of publication, distribution, etc. Cambridge, Mass. :
Name of publisher, distributor, etc. Ballinger Pub. Co.,
Date of publication, distribution, etc. c1987.
300 ## - PHYSICAL DESCRIPTION
Pagination xiv, 250 p. ;
Size 24 cm.
504 ## - BIBLIOGRAPHY, ETC. NOTE
Bibliography, etc Includes bibliographies and index.
650 #0 - SUBJECT ADDED ENTRY--TOPICAL TERM
Topical term or geographic name as entry element Civil-military relations.
9 (RLIN) 126629
Topical term or geographic name as entry element Military government.
9 (RLIN) 126630
Topical term or geographic name as entry element Comparative government.
9 (RLIN) 116596
942 ## - ADDED ENTRY ELEMENTS (KOHA)
Source of classification or shelving scheme Dewey Decimal Classification
Koha item type Books
Holdings
Lost status Source of classification or shelving scheme Damaged status Not for loan Collection code Permanent Location Current Location Shelving location Date acquired Source of acquisition Cost, normal purchase price Total Checkouts Full call number Date last seen Copy number Koha item type
  Dewey Decimal Classification     Non-fiction Central Library, University of Rajshahi Central Library, University of Rajshahi   21/09/1989 Harpon & Raw Pub. 26.21   322.5 MAM 1987 16/05/2016 C-2 Books
  Dewey Decimal Classification     Non-fiction Central Library, University of Rajshahi Central Library, University of Rajshahi   21/09/1989 Harpon & Raw Pub. 78.64   322.5 MAM 1987 05/06/2016 C-3 Books
  Dewey Decimal Classification   Not For Loan Non-fiction Central Library, University of Rajshahi Central Library, University of Rajshahi Reading Room 21/09/1989 Harper 78.64   322.5 MAM 1987 19/12/2016 C-1 Books